[Event "26.Schlosspark-Open"]
[Site "Wiesbaden-Biebrich"]
[Date "2014.08.30"]
[Round "4.78"]
[White "Meier, Alexander"]
[Black "Traut, Stefan"]
[Result "1/2-1/2"]
[WhiteElo "1345"]
[BlackElo "1759"]
[PlyCount "55"]
[EventDate "2014.??.??"]
[WhiteTeam "SC Taunusstein 1966"]
[BlackTeam "SF Heusenstamm"]

1. e4 c5 2. Nf3 d6 3. c3 Nf6 4. Be2 g6 5. O-O Bg7 6. d3 O-O 7. h3 Nbd7 8. Be3
b6 9. Qd2 Bb7 10. c4 Rc8 11. a4 a5 12. Bh6 e6 13. Bxg7 Kxg7 14. b3 Qc7 15. Nc3
Bc6 16. Qb2 Kg8 17. Rfe1 d5 18. cxd5 exd5 19. exd5 Nxd5 20. Nxd5 Bxd5 21. Nd2
Rfe8 22. Bf3 Bxf3 23. Nxf3 Qf4 24. Re2 Qf6 25. Qxf6 Nxf6 26. Rae1 Rxe2 27. Rxe2
Kf8 28. Kf1 1/2-1/2

[Event "26.Schlosspark-Open"]
[Site "Wiesbaden-Biebrich"]
[Date "2014.08.30"]
[Round "4.79"]
[White "Sallwey, Rainer"]
[Black "Fey, Karl-Heinz"]
[Result "1-0"]
[WhiteElo "1411"]
[BlackElo "889"]
[PlyCount "48"]
[EventDate "2014.??.??"]
[WhiteTeam "SK Langen"]
[BlackTeam "SC 1926 Haßloch"]

1. Nf3 d5 2. d4 Bg4 3. Nbd2 e6 4. c3 Nf6 5. Qb3 Be7 6. Qxb7 Nbd7 7. e3 O-O 8.
h3 Bxf3 9. Nxf3 Ne4 10. Bd3 Nd6 11. Qb3 Rb8 12. Qc2 Nf6 13. Ne5 Rb6 14. b3 Qa8
15. Ba3 g6 16. Bc5 Rbb8 17. O-O a5 18. c4 Nde4 19. Bxe7 Rfe8 20. Bxf6 Nxf6 21.
c5 c6 22. f3 Rf8 23. Qc3 Kh8 24. a3 Rfd8 1-0

[Event "26.Schlosspark-Open"]
[Site "Wiesbaden-Biebrich"]
[Date "2014.08.30"]
[Round "4.80"]
[White "Jakesevic, Ivan"]
[Black "Scholl, Alois"]
[Result "1/2-1/2"]
[WhiteElo "1107"]
[BlackElo "1733"]
[PlyCount "34"]
[EventDate "2014.??.??"]
[WhiteTeam "FC 1934 Wiesbaden-Bierstadt"]
[BlackTeam "SV Schwalbach"]

1. Nf3 e6 2. g3 f5 3. Bg2 Nf6 4. O-O g6 5. Nc3 Bg7 6. b3 O-O 7. Bb2 c6 8. e3
Na6 9. d4 Nc7 10. Ba3 Re8 11. Bd6 Ncd5 12. Nxd5 Nxd5 13. Be5 d6 14. Bxg7 Kxg7
15. c4 Nc3 16. Qc2 Ne4 17. Nd2 Nxd2 1/2-1/2

[Event "26.Schlosspark-Open"]
[Site "Wiesbaden-Biebrich"]
[Date "2014.08.30"]
[Round "4.81"]
[White "van Bömmel, Philipp"]
[Black "Schneider, Kevin"]
[Result "1/2-1/2"]
[WhiteElo "1722"]
[BlackElo "1155"]
[PlyCount "56"]
[EventDate "2014.??.??"]
[WhiteTeam "SC 1979 Hattersheim"]
[BlackTeam "SC Turm Breuberg"]

1. c4 c6 2. g3 d5 3. Bg2 Nf6 4. Nf3 Bg4 5. Ne5 Bf5 6. b3 Qa5 7. O-O Bxb1 8.
Rxb1 Qxa2 9. Bb2 Qa5 10. Qc2 e6 11. cxd5 exd5 12. Qf5 Qd8 13. e4 Be7 14. exd5
cxd5 15. Rbc1 Nbd7 16. Rfe1 g6 17. Qf4 Nxe5 18. Qxe5 Kf8 19. Bxd5 Rg8 20. Bg2
Nd7 21. Qc7 Rb8 22. Qxd8+ Bxd8 23. Rc4 f6 24. Rd4 Nb6 25. Ba3+ Kf7 26. Bc5 Re8
27. Rxe8 Kxe8 28. Re4+ Kf7 1/2-1/2

[Event "26.Schlosspark-Open"]
[Site "Wiesbaden-Biebrich"]
[Date "2014.08.30"]
[Round "4.82"]
[White "Börkey, Luis"]
[Black "Pade, Joachim"]
[Result "0-1"]
[WhiteElo "1095"]
[BlackElo "1713"]
[PlyCount "53"]
[EventDate "2014.??.??"]
[WhiteTeam "Wiesbadener SV 1885"]
[BlackTeam "SC Butzbach 2000"]

1. e4 e6 2. d4 d5 3. exd5 exd5 4. Nc3 Nc6 5. Nf3 Bg4 6. Bb5 Be7 7. O-O Nf6 8.
Bxc6+ bxc6 9. Re1 O-O 10. Bf4 Bd6 11. Bxd6 Qxd6 12. a3 Rae8 13. Qd3 Bxf3 14.
Qxf3 Re7 15. Re2 Rxe2 16. Nxe2 Ne4 17. Nc3 f5 18. Ne2 g5 19. Qb3 f4 20. f3 Nd2
21. Qb7 Re8 22. Nc3 Qe6 23. h3 Qe3+ 24. Kh2 Qf2 25. Qxc6 Nxf3+ 26. Kh1 Re1+ 27.
Rxe1 0-1

[Event "26.Schlosspark-Open"]
[Site "Wiesbaden-Biebrich"]
[Date "2014.08.30"]
[Round "4.83"]
[White "Börkey, Pierre"]
[Black "Kirchner, Stefan"]
[Result "0-1"]
[WhiteElo "987"]
[BlackElo "1425"]
[PlyCount "98"]
[EventDate "2014.??.??"]
[WhiteTeam "Wiesbadener SV 1885"]
[BlackTeam "SF Schöneck"]

1. e4 e6 2. d4 d5 3. exd5 exd5 4. Nc3 Nf6 5. Nf3 Be6 6. Bf4 a6 7. Bd3 c5 8. O-O
b5 9. dxc5 Bxc5 10. a3 Nbd7 11. Re1 O-O 12. b4 Ba7 13. a4 Nh5 14. Qd2 Nxf4 15.
Qxf4 Qf6 16. Qxf6 Nxf6 17. axb5 Rfc8 18. Ne2 axb5 19. Ned4 Bd7 20. Nxb5 Bxb5
21. Bxb5 Rxc2 22. Be2 Ne4 23. Nd4 Rcc8 24. Red1 Nc3 25. Rd2 Kf8 26. Kf1 Bxd4
27. Rxa8 Rxa8 28. Rxd4 Ra1+ 29. Rd1 Nxd1 30. Bxd1 Rxd1+ 31. Ke2 Rd4 32. b5 Rb4
33. Kd3 Rxb5 34. Kd4 Rb2 35. f4 Rxg2 36. Kxd5 Rxh2 37. f5 Ke7 38. Ke5 f6+ 39.
Kd5 Re2 40. Kd4 Re5 41. Kd3 h5 42. Kd4 h4 43. Kd3 h3 44. Kd4 h2 45. Kd3 h1=R
46. Kd4 Rd1+ 47. Kc4 Kf7 48. Kc3 Rc5+ 49. Kb2 Rd8 0-1

[Event "26.Schlosspark-Open"]
[Site "Wiesbaden-Biebrich"]
[Date "2014.08.30"]
[Round "4.84"]
[White "Rump, Andreas"]
[Black "Thybo, Jan"]
[Result "1-0"]
[WhiteElo "1939"]
[BlackElo "1347"]
[PlyCount "63"]
[EventDate "2014.??.??"]
[WhiteTeam "SG Turm Idstein"]
[BlackTeam "Morso Skak Klub"]

1. e4 d6 2. d4 g6 3. Nc3 Bg7 4. Nf3 Nc6 5. Be3 Nf6 6. Bc4 O-O 7. a3 e5 8. d5
Ne7 9. h3 a6 10. Qd2 Nh5 11. g4 Nf4 12. Bxf4 exf4 13. Qxf4 h6 14. O-O f5 15.
gxf5 gxf5 16. e5 Ng6 17. Qg3 f4 18. Qxg6 Bxh3 19. Rfe1 Kh8 20. Bd3 Bf5 21. Bxf5
Rxf5 22. Qxf5 Qg8 23. Kf1 Rf8 24. Qh5 Qh7 25. Re2 Rf5 26. Qe8+ Rf8 27. Qd7 dxe5
28. Nxe5 f3 29. Nf7+ Kg8 30. Re8 Qxc2 31. Nxh6+ Bxh6 32. Qe6+ 1-0

[Event "26.Schlosspark-Open"]
[Site "Wiesbaden-Biebrich"]
[Date "2014.08.30"]
[Round "4.85"]
[White "Wöhl, Torsten"]
[Black "Busch, Günther"]
[Result "1/2-1/2"]
[WhiteElo "1626"]
[BlackElo "1307"]
[PlyCount "45"]
[EventDate "2014.??.??"]
[WhiteTeam "SC Groß-Zimmern"]
[BlackTeam "FC 1934 Wiesbaden-Bierstadt"]

1. c4 b6 2. Nc3 e6 3. Nf3 Bb7 4. d3 g6 5. Bg5 f6 6. Bd2 Nh6 7. h3 Bg7 8. Qc1
Nf7 9. e4 c5 10. Be2 Nc6 11. Bf4 d6 12. Nh2 Nd4 13. Ng4 g5 14. Be3 Nc6 15. O-O
h5 16. Nh2 e5 17. Rd1 Ne7 18. Nf1 Qd7 19. Ng3 g4 20. h4 Bh6 21. Nf1 Ng6 22. g3
Ne7 23. a4 1/2-1/2

[Event "26.Schlosspark-Open"]
[Site "Wiesbaden-Biebrich"]
[Date "2014.08.30"]
[Round "4.86"]
[White "Held, Gerd"]
[Black "Bratmann, Marc"]
[Result "0-1"]
[WhiteElo "1288"]
[BlackElo "1747"]
[PlyCount "54"]
[EventDate "2014.??.??"]
[WhiteTeam "SC Groß-Zimmern"]
[BlackTeam "SAbt TuS Dotzheim"]

1. c4 c6 2. g3 d5 3. cxd5 cxd5 4. Nf3 Nc6 5. Bg2 Nf6 6. O-O e6 7. d3 Bd6 8. b3
O-O 9. Bb2 Re8 10. Nc3 a6 11. e4 dxe4 12. dxe4 e5 13. Nd2 Bc5 14. Ne2 Bg4 15.
h3 Be6 16. Qc2 Ba7 17. a3 Rc8 18. Qd1 Qb6 19. b4 Red8 20. Qe1 Rd3 21. Rd1 Rcd8
22. Nc1 Rxg3 23. Kh2 Rg6 24. f4 exf4 25. Rxf4 Qe3 26. Rf1 Rxg2+ 27. Kxg2 Qxh3#
0-1

[Event "26.Schlosspark-Open"]
[Site "Wiesbaden-Biebrich"]
[Date "2014.08.30"]
[Round "4.87"]
[White "Jahraus, Marlis"]
[Black "Roth, Michael"]
[Result "0-1"]
[WhiteElo "1124"]
[BlackElo "1600"]
[PlyCount "92"]
[EventDate "2014.??.??"]
[WhiteTeam "SC Untergrombach 46"]
[BlackTeam "SC Lerchenberg/ZMO"]

1. e4 e5 2. Nf3 Nc6 3. Bb5 Bc5 4. O-O Nd4 5. Nxd4 exd4 6. d3 c6 7. Ba4 h6 8.
Nd2 Qc7 9. Nf3 d6 10. h3 g5 11. Re1 g4 12. e5 d5 13. hxg4 Bxg4 14. c3 O-O-O 15.
Qe2 Ne7 16. Bd1 Ng6 17. Qc2 Bxf3 18. Bxf3 Nxe5 19. Bh5 Rhe8 20. Bxh6 Rh8 21.
Qe2 Rde8 22. Bg4+ Nxg4 23. Qxg4+ Kb8 24. Rxe8+ Rxe8 25. Bf4 Bd6 26. g3 Bxf4 27.
Qxf4 Qxf4 28. gxf4 Re2 29. cxd4 Rd2 30. Re1 Rxd3 31. Re8+ Kc7 32. Re7+ Kb6 33.
Rxf7 Rxd4 34. Re7 Rxf4 35. Re2 d4 36. b4 d3 37. Rd2 Rd4 38. Kg2 Kb5 39. Kf3
Kxb4 40. Ke3 Kc3 41. f4 Re4+ 42. Kxe4 Kxd2 43. f5 Kc3 44. f6 d2 45. f7 d1=Q 46.
f8=Q Qe1+ 0-1

[Event "26.Schlosspark-Open"]
[Site "Wiesbaden-Biebrich"]
[Date "2014.08.30"]
[Round "4.88"]
[White "Wilk, David"]
[Black "Schneider, Luca"]
[Result "1-0"]
[WhiteElo "1580"]
[BlackElo "1107"]
[PlyCount "117"]
[EventDate "2014.??.??"]
[WhiteTeam "Sfr.Mainz 1928"]
[BlackTeam "FC 1934 Wiesbaden-Bierstadt"]

1. e4 c5 2. Nc3 e6 3. g3 Nf6 4. Bg2 Nc6 5. Nge2 a6 6. d3 h6 7. Be3 d5 8. exd5
Nxd5 9. Nxd5 exd5 10. O-O Be6 11. Nf4 Qd7 12. Nxe6 fxe6 13. Qh5+ Kd8 14. c3 e5
15. Bh3 Qd6 16. Bd2 g6 17. Qf3 d4 18. c4 b5 19. Ba5+ Ke8 20. Bg2 Rc8 21. Qg4
Rb8 22. Bxc6+ Qxc6 23. Rfe1 Bg7 24. b3 Kf7 25. Re4 Rhf8 26. Rae1 Kg8 27. R1e2
bxc4 28. bxc4 h5 29. Qg5 Rf5 30. Qc1 g5 31. Bd2 Qf6 32. Qa3 Qe7 33. Qxa6 Rff8
34. Qg6 Qf7 35. Qxf7+ Rxf7 36. Bxg5 Rf3 37. Rd2 Rf5 38. Be7 Bf8 39. Bxf8 Kxf8
40. Kg2 Ke7 41. f4 Kd6 42. fxe5+ Rxe5 43. Rxe5 Kxe5 44. Kh3 Kf6 45. Kh4 Kg6 46.
Re2 Ra8 47. g4 hxg4 48. Kxg4 Kf6 49. h4 Rg8+ 50. Kh3 Kf5 51. Rf2+ Ke5 52. h5
Kd6 53. Kh4 Kc6 54. Rf6+ Kd7 55. h6 Rh8 56. Kh5 Ke7 57. Ra6 Kf7 58. Ra7+ Ke6
59. h7 1-0

[Event "26.Schlosspark-Open"]
[Site "Wiesbaden-Biebrich"]
[Date "2014.08.30"]
[Round "4.89"]
[White "Wachsmann, Elmar"]
[Black "Raitor, Sven"]
[Result "0-1"]
[WhiteElo "1029"]
[BlackElo "1493"]
[PlyCount "108"]
[EventDate "2014.??.??"]
[WhiteTeam "SC Groß-Umstadt"]
[BlackTeam "SK Großsachsen"]

1. d4 Nf6 2. Nf3 e6 3. Bg5 h6 4. Bh4 c5 5. c3 d5 6. Nbd2 b6 7. Bxf6 Qxf6 8. e4
Bb7 9. exd5 Bxd5 10. Bb5+ Bc6 11. Qa4 Bxb5 12. Qxb5+ Nd7 13. Ne5 Qd8 14. Nxd7
Qxd7 15. Qxd7+ Kxd7 16. Nf3 f6 17. O-O-O Ke8 18. Rhe1 Kf7 19. Re2 Bd6 20. Rde1
Rhe8 21. Kb1 Re7 22. g3 Rae8 23. Nd2 cxd4 24. cxd4 Bb4 25. Rd1 Bxd2 26. Rdxd2
Rd7 27. g4 Red8 28. Rc2 Rxd4 29. Rc7+ R8d7 30. Rxd7+ Rxd7 31. Rc2 Rd1+ 32. Rc1
Rxc1+ 33. Kxc1 e5 34. Kd2 Ke6 35. Kd3 Kd5 36. f3 g6 37. b4 b5 38. a3 a6 39. h3
g5 40. Ke3 Kc4 41. Ke4 Kb3 42. Kf5 Kxa3 43. Kxf6 Kxb4 44. Kg6 a5 45. Kxh6 a4
46. Kxg5 a3 47. h4 a2 48. h5 a1=Q 49. h6 e4 50. fxe4 Kc5 51. Kg6 Qh8 52. h7 b4
53. Kh6 Qf6+ 54. Kh5 Qg7 0-1

[Event "26.Schlosspark-Open"]
[Site "Wiesbaden-Biebrich"]
[Date "2014.08.30"]
[Round "4.90"]
[White "Börkey, Joel"]
[Black "Salm, Andreas"]
[Result "1-0"]
[WhiteElo "968"]
[BlackElo "1471"]
[PlyCount "71"]
[EventDate "2014.??.??"]
[WhiteTeam "Wiesbadener SV 1885"]
[BlackTeam "SAbt SV Werder Bremen"]

1. e4 d5 2. exd5 Qxd5 3. Nc3 Qa5 4. Nf3 e5 5. Bc4 c6 6. Qe2 Nd7 7. Ng5 Ngf6 8.
Nxf7 Rg8 9. Nd6+ Kd8 10. Bxg8 Nxg8 11. Nxc8 Rxc8 12. Qc4 Ngf6 13. O-O b5 14.
Qd3 b4 15. Ne4 c5 16. Nxf6 gxf6 17. Qxh7 c4 18. Qf7 b3 19. cxb3 cxb3 20. Qxb3
Nc5 21. Qd5+ Ke8 22. Re1 Qb5 23. d4 Qa5 24. Bf4 Rb8 25. dxc5 Rxb2 26. Bxe5 fxe5
27. Qxe5+ Kf7 28. Qxb2 Bg7 29. Qb7+ Kg6 30. Qc6+ Kh7 31. Qd7 Qxc5 32. g3 Kh6
33. Re6+ Kh7 34. Qd3+ Kg8 35. Qg6 Qxf2+ 36. Kxf2 1-0

[Event "26.Schlosspark-Open"]
[Site "Wiesbaden-Biebrich"]
[Date "2014.08.30"]
[Round "4.91"]
[White "Gläßer, Leonhard"]
[Black "Martin, Lukas"]
[Result "1/2-1/2"]
[WhiteElo "938"]
[BlackElo "1374"]
[PlyCount "41"]
[EventDate "2014.??.??"]
[WhiteTeam "FC 1934 Wiesbaden-Bierstadt"]
[BlackTeam "SC Bad Soden"]

1. Nf3 d5 2. e3 Nc6 3. c4 d4 4. d3 Bg4 5. Be2 Nb4 6. Nxd4 Bxe2 7. Qxe2 e5 8. a3
exd4 9. exd4+ Qe7 10. Qxe7+ Bxe7 11. axb4 Bxb4+ 12. Bd2 Bxd2+ 13. Nxd2 a6 14.
O-O O-O-O 15. Nf3 c6 16. b4 Ne7 17. Ra5 g6 18. Ng5 Rxd4 19. Nxf7 Rf8 20. Ne5
Rf5 21. Re1 1/2-1/2

[Event "26.Schlosspark-Open"]
[Site "Wiesbaden-Biebrich"]
[Date "2014.08.30"]
[Round "4.92"]
[White "Schreer, Maxima"]
[Black "Kunisch, Nina"]
[Result "1/2-1/2"]
[WhiteElo "880"]
[BlackElo "1249"]
[PlyCount "116"]
[EventDate "2014.??.??"]
[WhiteTeam "SF 1891 Friedberg"]
[BlackTeam "TV-Großostheim 1900 e.V."]

1. e4 c6 2. Nc3 d5 3. exd5 cxd5 4. d4 Nc6 5. Nf3 Bg4 6. Be2 e6 7. a3 Bd6 8. O-O
Nf6 9. Bg5 Be7 10. Bb5 O-O 11. Qd3 Bxf3 12. Qxf3 Nxd4 13. Qd3 Nxb5 14. Nxb5 Ne4
15. Bf4 a6 16. Nc3 Nxc3 17. Qxc3 Bd6 18. Bd2 Qh4 19. g3 Qc4 20. Qf3 Qxc2 21.
Bc3 Qe4 22. Qh5 Qg6 23. Qf3 Qe4 24. Qd1 Be5 25. Re1 Qc4 26. Bxe5 Rfd8 27. Rc1
Qb5 28. Qg4 g6 29. Qh4 Qe8 30. Qf6 Kf8 31. Qg7+ Ke7 32. Rc7+ Rd7 33. Rxd7+ Kxd7
34. Rc1 Rc8 35. Rxc8 Kxc8 36. Qxh7 Kd7 37. Qh4 Qd8 38. Qb4 Kc8 39. Qc5+ Kd7 40.
Qa7 Kc6 41. a4 Qa5 42. Bd4 Qe1+ 43. Kg2 Qe4+ 44. Kh3 Qf5+ 45. Kg2 Qe4+ 46. f3
Qc2+ 47. Kh3 Qf5+ 48. g4 Qxf3+ 49. Kh4 Qb3 50. Qc5+ Kd7 51. Be5 Qd1 52. Qd6+
Ke8 53. Bf6 Qe1+ 54. Kg5 Qd2+ 55. Kh4 Qf2+ 56. Kg5 Qd2+ 57. Kh4 Qf2+ 58. Kg5
Qd2+ 1/2-1/2